Totally amazing mummies / (Record no. 8350)

MARC details
000 -LEADER
fixed length control field 01469cam a2200361 a 4500
001 - CONTROL NUMBER
control field 8350
003 - CONTROL NUMBER IDENTIFIER
control field FISKH
005 - DATE AND TIME OF LATEST TRANSACTION
control field 20250910084109.0
008 - FIXED-LENGTH DATA ELEMENTS--GENERAL INFORMATION
fixed length control field 980121s1998 nyua j 001 0 eng d
010 ## - LIBRARY OF CONGRESS CONTROL NUMBER
LC control number 98084147
020 ## - INTERNATIONAL STANDARD BOOK NUMBER
International Standard Book Number 0307201627 (pbk.) :
Terms of availability $5.99 (US) ; $8.99 (CAN)
020 ## - INTERNATIONAL STANDARD BOOK NUMBER
International Standard Book Number 9780307201621
040 ## - CATALOGING SOURCE
Original cataloging agency MdBCP
Transcribing agency MdBCP
Modifying agency CoD
-- DLC
Language of cataloging eng
050 ## - LIBRARY OF CONGRESS CALL NUMBER
Classification number GN293 .H87
082 ## - DEWEY DECIMAL CLASSIFICATION NUMBER
Classification number 393
100 1# - MAIN ENTRY--PERSONAL NAME
Personal name Hussain, Iqbal,
Dates associated with a name 1971-
245 10 - TITLE STATEMENT
Title Totally amazing mummies /
Statement of responsibility, etc. [author, Iqbal Hussain ; illustations, Andrew Peters].
260 ## - PUBLICATION, DISTRIBUTION, ETC.
Place of publication, distribution, etc. New York :
Name of publisher, distributor, etc. Golden Books,
Date of publication, distribution, etc. 1998.
300 ## - PHYSICAL DESCRIPTION
Extent 32 pages :
Other physical details color illustrations ;
Dimensions 28 cm
336 ## - CONTENT TYPE
Content type term text
Content type code txt
Source rdacontent
337 ## - MEDIA TYPE
Media type term unmediated
Media type code n
Source rdamedia
338 ## - CARRIER TYPE
Carrier type term volume
Carrier type code nc
Source rdacarrier
440 #0 - SERIES STATEMENT/ADDED ENTRY--TITLE
Title Totally amazing golden books
500 ## - GENERAL NOTE
General note "Created by Two-Can For Golden Books Pub. Co."
500 ## - GENERAL NOTE
General note Includes index.
520 ## - SUMMARY, ETC.
Summary, etc. Eye-catching design and a wealth of facts come together in this series devoted to the most extraordinary and bizarre aspects of science -- the subjects that kids love and can't get enough of.To make learning even more fun, each book includes jokes, quizzes, and a list of record-breaking facts. Each book is also furnished with an in-depth index.
650 #0 - SUBJECT ADDED ENTRY--TOPICAL TERM
Topical term or geographic name entry element Mummies
General subdivision Juvenile literature.
650 #1 - SUBJECT ADDED ENTRY--TOPICAL TERM
Topical term or geographic name entry element Mummies.
700 1# - ADDED ENTRY--PERSONAL NAME
Personal name Peters, Andrew,
Relator term illustrator
906 ## - LOCAL DATA ELEMENT F, LDF (RLIN)
a 7
b cbc
c copycat
d 2
e opcn
f 19
g y-gencatlg
942 ## - ADDED ENTRY ELEMENTS (KOHA)
Source of classification or shelving scheme Dewey Decimal Classification
Koha item type Books
Suppress in OPAC No
Holdings
Withdrawn status Lost status Source of classification or shelving scheme Damaged status Not for loan Collection Home library Current library Shelving location Date acquired Total Checkouts Full call number Barcode Date last seen Copy number Price effective from Koha item type
    Dewey Decimal Classification     Non-Fiction Footprints International School Library Network Toul Tom Poung Campus Footprints International School Library Network Toul Tom Poung Campus TTP Secondary Non-Fiction Bookshelves 09/10/2025   HUS 393 GN293 .H87 FISO5337 09/10/2025 1 09/10/2025 Books